Les plus gros achats du football en Premier League #2 - Statistiques

Statistiques générales
  • Ce quiz a été pris 32 fois
  • Le résultat moyen est 4 sur 10
Statistiques - réponses
Rang Saison Montant Allant à Joueurs % Correct
#15 2020-2021 80 millions Chelsea Kai Havertz
64%
#20 2023-2024 75 millions Arsenal Kai Havertz
64%
#18 2015-2016 76 millions Manchester City Kevin De Bruyne
61%
#12 2017-2018 84,7 millions Manchester United Romelu Lukaku
54%
#19 2024-2025 75 millions Manchester City Omar Marmoush
50%
#16 2019-2020 80 millions Arsenal Nicolas Pépé
43%
#11 2021-2022 85 millions Manchester United Jadon Sancho
36%
#14 2022-2023 80,4 millions Chelsea Wesley Fofana
32%
#17 2018-2019 80 millions Chelsea Kepa
21%
#13 2017-2018 84,65 millions Liverpool Virgil Van Djik
14%
Aucun quiz correspondant
Distribution des résultats
% des personnes avec chaque résultat
Percentile par nombre de réponses
Votre historique - résultats
Vous n’avez pas pris ce quiz